[Event "Prague Golden Rapid op 19th"]
[Site "Prague"]
[Date "2024.06.23"]
[Round "2"]
[White "Brejnik, Gustav"]
[Black "Burgermeister, Michal"]
[Result "1-0"]
[WhiteElo "2280"]
[BlackElo "1851"]
[PlyCount "97"]
[EventDate "2024.06.23"]
[EventType "swiss (rapid)"]
[EventRounds "7"]
[EventCountry "CZE"]
[SourceTitle "EXT 2025"]
[Source "ChessBase"]
[SourceDate "2024.10.14"]
[SourceVersion "1"]
[SourceVersionDate "2024.10.14"]
[SourceQuality "1"]

1. d4 Nf6 2. c4 g6 3. g3 c6 4. Bg2 Bg7 5. e4 d6 6. Nc3 0-0 7. Nf3 Bg4 8. 0-0 Nbd7 9. Be3 e5 10. h3 Bxf3 11. Bxf3 Re8 12. Qc2 Qc7 13. Rad1 Rad8 14. Rfe1 a6 15. b3 Qb8 16. Bg2 Nf8 17. d5 c5 18. Qd3 Nh5 19. Kh2 Qc8 20. Bf3 Nf6 21. Be2 Kh8 22. a3 Ng8 23. Bg4 Qc7 24. h4 Bh6 25. Bg5 f6 26. Bxh6 Nxh6 27. Bh3 Kg7 28. b4 b6 29. Kg2 Qe7 30. Rb1 Rb8 31. Qc2 Qc7 32. Nd1 Nf7 33. Ne3 Nh6 34. Kh2 Nf7 35. f4 Kg8 36. Qf2 Kg7 37. Kg2 Qe7 38. f5 g5 39. Bg4 Nd7 40. Bh5 h6 41. Rh1 Rh8 42. Qf3 Rbc8 43. a4 Rb8 44. b5 a5 45. Bg6 Rbf8 46. Qh5 Nd8 47. hxg5 fxg5 48. f6+ Nxf6 49. Nf5+ 1-0

[Event "Usti nad Labem Chlumecky Blitz op"]
[Site "Usti nad Labem"]
[Date "2024.05.05"]
[Round "3"]
[White "Burgermeister, Michal"]
[Black "Kerej, Junus Tulengaliuly"]
[Result "0-1"]
[WhiteElo "1831"]
[BlackElo "1738"]
[PlyCount "62"]
[EventDate "2024.05.05"]
[EventType "swiss (blitz)"]
[EventRounds "15"]
[EventCountry "CZE"]
[SourceTitle "CBM 220 Extra"]
[Source "ChessBase"]
[SourceDate "2024.07.31"]
[SourceVersion "1"]
[SourceVersionDate "2024.07.31"]
[SourceQuality "1"]

1. d4 d5 2. c4 e6 3. Nc3 Nf6 4. Bg5 Nbd7 5. e3 c6 6. Nf3 Qa5 7. Bxf6 Nxf6 8. Bd3 Bd6 9. 0-0 0-0 10. Rc1 dxc4 11. Bxc4 a6 12. Bd3 Qh5 13. h3 c5 14. Bb1 cxd4 15. exd4 b5 16. Re1 Bb7 17. Ne4 Be7 18. Rc7 Bxe4 19. Bxe4 Nxe4 20. Rxe4 Bd6 21. Rc6 Rfd8 22. Rc2 Qg6 23. Rce2 Rac8 24. Rg4 Qf6 25. Rge4 Rc4 26. Rc2 Rdc8 27. Ree2 Qf5 28. Rxc4 Rxc4 29. Ne5 Qf4 30. g3 Qxd4 31. Qxd4 Rxd4 0-1

[Event "Usti nad Labem Chlumecky Blitz op"]
[Site "Usti nad Labem"]
[Date "2024.05.05"]
[Round "15"]
[White "Burgermeister, Michal"]
[Black "Pham, Quang Nam Phong"]
[Result "1-0"]
[WhiteElo "1831"]
[BlackElo "1104"]
[PlyCount "33"]
[EventDate "2024.05.05"]
[EventType "swiss (blitz)"]
[EventRounds "15"]
[EventCountry "CZE"]
[SourceTitle "CBM 220 Extra"]
[Source "ChessBase"]
[SourceDate "2024.07.31"]
[SourceVersion "1"]
[SourceVersionDate "2024.07.31"]
[SourceQuality "1"]

1. d4 d5 2. c4 dxc4 3. e3 b5 4. a4 c6 5. axb5 cxb5 6. Qf3 Qa5+ 7. Rxa5 Nc6 8. Qxc6+ Kd8 9. Qxb5 e6 10. Bxc4 Ke7 11. Qc6 Rb8 12. Rxa7+ Kf6 13. Qc7 Rb4 14. Qxf7+ Kg5 15. e4+ Kg4 16. h3+ Kh4 17. Bf1 1-0

[Event "Usti nad Labem Chlumecky Blitz op"]
[Site "Usti nad Labem"]
[Date "2024.05.05"]
[Round "13"]
[White "Lesak, Ondrej"]
[Black "Burgermeister, Michal"]
[Result "1/2-1/2"]
[WhiteElo "1867"]
[BlackElo "1831"]
[PlyCount "106"]
[EventDate "2024.05.05"]
[EventType "swiss (blitz)"]
[EventRounds "15"]
[EventCountry "CZE"]
[SourceTitle "CBM 220 Extra"]
[Source "ChessBase"]
[SourceDate "2024.07.31"]
[SourceVersion "1"]
[SourceVersionDate "2024.07.31"]
[SourceQuality "1"]

1. e4 c5 2. a3 d5 3. exd5 Qxd5 4. Nf3 Nf6 5. Be2 Nc6 6. b4 cxb4 7. axb4 g6 8. Na3 Bg7 9. Bb2 0-0 10. b5 Nb8 11. c4 Qd8 12. d4 Bf5 13. 0-0 Nbd7 14. Ne5 Nxe5 15. dxe5 Nd7 16. f4 Nc5 17. Bf3 Qc7 18. Qe2 Bd3 19. Qe3 Bxf1 20. Rxf1 Rad8 21. Be2 e6 22. Nc2 b6 23. Nd4 Rd7 24. Nc6 Re8 25. g4 Qc8 26. Bd4 Nb7 27. Bf3 Nd8 28. f5 Bf8 29. fxe6 Nxe6 30. Bb2 Bc5 31. Bd4 Bxd4 32. Nxd4 Rxd4 33. Bc6 Red8 34. Qf3 Qc7 35. Qf6 Rd2 36. h4 Re8 37. h5 Qe7 38. Qf3 Qc5+ 39. Kh1 Qe7 40. hxg6 hxg6 41. Bxe8 Qxe8 42. Qe3 Rd4 43. Qh6 Qf8 44. Qe3 Qg7 45. Rf6 Rxg4 46. Qd3 Rh4+ 47. Kg1 Qh6 48. Qd7 Nf8 49. Qxf7+ Kh8 50. Qxf8+ Qxf8 51. Rxf8+ Kg7 52. Ra8 Rxc4 53. Rxa7+ Kg8 1/2-1/2

[Event "Usti nad Labem Chlumecky Blitz op"]
[Site "Usti nad Labem"]
[Date "2024.05.05"]
[Round "9"]
[White "Zeman, Lukas"]
[Black "Burgermeister, Michal"]
[Result "1-0"]
[WhiteElo "1706"]
[BlackElo "1831"]
[PlyCount "83"]
[EventDate "2024.05.05"]
[EventType "swiss (blitz)"]
[EventRounds "15"]
[EventCountry "CZE"]
[SourceTitle "CBM 220 Extra"]
[Source "ChessBase"]
[SourceDate "2024.07.31"]
[SourceVersion "1"]
[SourceVersionDate "2024.07.31"]
[SourceQuality "1"]

1. e4 c5 2. Nf3 d6 3. d4 cxd4 4. Nxd4 Nf6 5. Nc3 g6 6. Be3 Bg7 7. Be2 0-0 8. 0-0 Nc6 9. Kh1 a6 10. Qd2 Ne5 11. Bh6 Bd7 12. Bxg7 Kxg7 13. f4 Nc6 14. f5 Rc8 15. Rad1 Ne5 16. Qf4 b5 17. Nd5 Nxd5 18. exd5 Qb6 19. c3 Qb7 20. f6+ exf6 21. Qxf6+ Kg8 22. Qxd6 Ng4 23. Bxg4 Bxg4 24. Rd3 Rcd8 25. Qf4 Bc8 26. Nc6 Rde8 27. Qf6 Bd7 28. Ne5 Bf5 29. Rd4 Qc7 30. d6 Qc5 31. d7 Rd8 32. Rxf5 gxf5 33. Qg5+ Kh8 34. Qxf5 Qb6 35. Nxf7+ Rxf7 36. Qxf7 Qg6 37. Qxg6 hxg6 38. Kg1 Kg7 39. Kf2 Kf6 40. Kf3 Ke5 41. h4 a5 42. Ke3 1-0

[Event "Usti nad Labem blitz op"]
[Site "Usti nad Labem"]
[Date "2023.05.07"]
[Round "8"]
[White "Burgermeister, Michal"]
[Black "Licek, Prokop"]
[Result "0-1"]
[WhiteElo "1747"]
[BlackElo "1574"]
[PlyCount "38"]
[EventDate "2023.05.07"]
[EventType "swiss (blitz)"]
[EventRounds "15"]
[EventCountry "CZE"]
[SourceTitle "CBM 214 Extra"]
[Source "ChessBase"]
[SourceDate "2023.07.31"]
[SourceVersion "1"]
[SourceVersionDate "2023.07.31"]
[SourceQuality "1"]

1. e4 c5 2. Nc3 Nc6 3. g3 g6 4. Bg2 Bg7 5. d3 e6 6. Nge2 Nge7 7. 0-0 0-0 8. Be3 b6 9. f4 Bb7 10. h3 d5 11. Bf2 dxe4 12. Bxe4 Qd7 13. Bg2 Nf5 14. g4 Nfd4 15. Ng3 Ne7 16. Nce4 f5 17. gxf5 exf5 18. Nc3 Bxg2 19. Kxg2 Qb7+ 0-1

[Event "Teplice City-ch"]
[Site "Teplice"]
[Date "2022.05.06"]
[Round "9"]
[White "Mascak, Milan"]
[Black "Burgermeister, Michal"]
[Result "0-1"]
[WhiteElo "1624"]
[BlackElo "1769"]
[PlyCount "84"]
[EventDate "2022.04.05"]
[EventType "tourn"]
[EventRounds "13"]
[EventCountry "CZE"]
[SourceTitle "EXT 2023"]
[Source "ChessBase"]
[SourceDate "2022.10.05"]
[SourceVersion "1"]
[SourceVersionDate "2022.10.05"]
[SourceQuality "1"]

1. Nf3 Nf6 2. d4 g6 3. Nc3 Bg7 4. e4 d6 5. Be2 0-0 6. Nd2 e5 7. d5 Ne8 8. 0-0 f5 9. f3 f4 10. Qe1 g5 11. Nd1 h5 12. Nf2 Rf6 13. Nc4 Rg6 14. Qd1 Nf6 15. Nd2 g4 16. a4 g3 17. hxg3 fxg3 18. Nh1 c6 19. Nc4 Ne8 20. Re1 Qh4 21. Nxg3 Qxg3 22. Bf1 h4 23. Ra3 h3 24. Re2 Qh4 25. Bd2 hxg2 26. Bxg2 cxd5 27. Be1 Qh5 28. Qxd5+ Kh8 29. Bb4 Nc6 30. Be1 Nd4 31. Rf2 Rb8 32. Qa5 Nc6 33. Qd2 Bh6 34. Qd1 Bf4 35. Kf1 Nd4 36. c3 Rxg2 37. cxd4 Rxf2+ 38. Bxf2 Bh3+ 39. Ke2 Rc8 40. b3 Bg2 41. Qd3 Qh1 42. Ne3 Bxf3+ 0-1

[Event "Teplice City-ch"]
[Site "Teplice"]
[Date "2022.04.12"]
[Round "3"]
[White "Burgermeister, Michal"]
[Black "Bazantova, Marie"]
[Result "1/2-1/2"]
[WhiteElo "1769"]
[BlackElo "1784"]
[PlyCount "24"]
[EventDate "2022.04.05"]
[EventType "tourn"]
[EventRounds "13"]
[EventCountry "CZE"]
[SourceTitle "EXT 2023"]
[Source "ChessBase"]
[SourceDate "2022.10.05"]
[SourceVersion "1"]
[SourceVersionDate "2022.10.05"]
[SourceQuality "1"]

1. d4 d5 2. c4 e6 3. Nc3 c5 4. cxd5 exd5 5. Nf3 Nc6 6. g3 c4 7. Bg2 Bb4 8. 0-0 Nge7 9. Bf4 Bxc3 10. bxc3 Ng6 11. Bg5 f6 12. Bd2 0-0 1/2-1/2

[Event "Teplice City-ch"]
[Site "Teplice"]
[Date "2022.04.08"]
[Round "2"]
[White "Krehla, Milan"]
[Black "Burgermeister, Michal"]
[Result "1-0"]
[WhiteElo "1775"]
[BlackElo "1769"]
[PlyCount "79"]
[EventDate "2022.04.05"]
[EventType "tourn"]
[EventRounds "13"]
[EventCountry "CZE"]
[SourceTitle "EXT 2023"]
[Source "ChessBase"]
[SourceDate "2022.10.05"]
[SourceVersion "1"]
[SourceVersionDate "2022.10.05"]
[SourceQuality "1"]

1. e4 c5 2. Nf3 d6 3. Nc3 Nc6 4. d4 cxd4 5. Nxd4 Nf6 6. Be2 g6 7. 0-0 Bg7 8. Kh1 0-0 9. f4 Qb6 10. Nf3 Ng4 11. Qe1 Bd7 12. Nd5 Qd8 13. c3 Rc8 14. h3 Nf6 15. Bd3 Re8 16. Ne3 a6 17. g4 h5 18. Qg3 b5 19. e5 dxe5 20. fxe5 Qc7 21. Rg1 h4 22. Qh2 Nh7 23. Nd5 Qb8 24. Bf4 Be6 25. Be4 Red8 26. Rad1 Nf8 27. Nf6+ exf6 28. exf6 Qb6 29. fxg7 Kxg7 30. Rxd8 Qxd8 31. Bg5 Qb6 32. Qf4 Kh7 33. Bxh4 Bxa2 34. Ng5+ Kg8 35. Bg3 Nd8 36. Rd1 Nfe6 37. Qf6 Qe3 38. Be5 Kf8 39. Nh7+ Ke8 40. Qh8+ 1-0

[Event "Teplice City-ch"]
[Site "Teplice"]
[Date "2022.04.05"]
[Round "1"]
[White "Burgermeister, Michal"]
[Black "Kubik, Miroslav"]
[Result "1-0"]
[WhiteElo "1769"]
[BlackElo "1610"]
[PlyCount "71"]
[EventDate "2022.04.05"]
[EventType "tourn"]
[EventRounds "13"]
[EventCountry "CZE"]
[SourceTitle "EXT 2023"]
[Source "ChessBase"]
[SourceDate "2022.10.05"]
[SourceVersion "1"]
[SourceVersionDate "2022.10.05"]
[SourceQuality "1"]

1. e4 c5 2. Nc3 d6 3. g3 Nf6 4. Bg2 Nc6 5. d3 g6 6. Nge2 Bg7 7. 0-0 0-0 8. h3 a6 9. f4 e6 10. Be3 Nd7 11. Qd2 Nd4 12. g4 f5 13. Nd1 Nb6 14. c3 Nxe2+ 15. Qxe2 Bd7 16. exf5 exf5 17. Bxb7 Ra7 18. Bg2 fxg4 19. hxg4 Qh4 20. Nf2 Bc8 21. Rae1 Re7 22. Qc2 Nd7 23. g5 d5 24. Bxd5+ Kh8 25. Bg2 Rfe8 26. Ne4 Bb7 27. Qf2 Qg4 28. Qf3 Qf5 29. Qh3 Bxe4 30. dxe4 Qxh3 31. Bxh3 Rxe4 32. Bxd7 R8e7 33. Bf2 Rxe1 34. Rxe1 Rxd7 35. Re8+ Bf8 36. Rxf8+ 1-0

[Event "CZE-ch Betsys Online Blitz"]
[Site "Chess.com INT"]
[Date "2021.04.17"]
[Round "7"]
[White "Burgermeister, Michal"]
[Black "Erban, Stepan"]
[Result "0-1"]
[WhiteElo "1813"]
[BlackElo "1925"]
[PlyCount "86"]
[EventDate "2021.04.17"]
[EventType "swiss (blitz)"]
[EventRounds "13"]
[EventCountry "CZE"]
[SourceTitle "CBM 201 Extra"]
[Source "ChessBase"]
[SourceDate "2021.05.31"]
[SourceVersion "1"]
[SourceVersionDate "2021.05.31"]
[SourceQuality "1"]

1. e4 e5 2. d4 exd4 3. Qxd4 Qf6 4. Qe3 b6 5. Nc3 Bc5 6. Qg3 Bb7 7. Bg5 Qe6 8. f3 d6 9. 0-0-0 Nc6 10. Bb5 f6 11. Bd2 g6 12. Nge2 Nge7 13. Nf4 Qf7 14. Rhe1 0-0-0 15. Nfd5 Nxd5 16. Nxd5 Nd4 17. Bc4 Qg7 18. Bc3 Nc6 19. a3 Na5 20. Bxa5 bxa5 21. Qg4+ Kb8 22. Qf4 Rhf8 23. Qd2 Bb6 24. Qc3 c6 25. Ne3 Bxe3+ 26. Qxe3 Qe7 27. Qc3 Qc7 28. Re2 d5 29. exd5 cxd5 30. Bb5 Qxc3 31. bxc3 Rd6 32. Rde1 Bc6 33. Bxc6 Rxc6 34. Kd2 Rfc8 35. Re7 Rxc3 36. Rc1 Rxa3 37. Rxh7 Rc7 38. Rb1+ Kc8 39. Rh8+ Kd7 40. Rbb8 Ra4 41. Rbd8+ Kc6 42. Rde8 Rc4 43. Re6+ Kb5 0-1

[Event "CZE-ch Betsys Online Blitz"]
[Site "Chess.com INT"]
[Date "2021.04.17"]
[Round "2"]
[White "Burgermeister, Michal"]
[Black "Nikolinko, Alexandr"]
[Result "1-0"]
[WhiteElo "1813"]
[BlackElo "1138"]
[PlyCount "43"]
[EventDate "2021.04.17"]
[EventType "swiss (blitz)"]
[EventRounds "13"]
[EventCountry "CZE"]
[SourceTitle "CBM 201 Extra"]
[Source "ChessBase"]
[SourceDate "2021.05.31"]
[SourceVersion "1"]
[SourceVersionDate "2021.05.31"]
[SourceQuality "1"]

1. e4 c5 2. Nc3 Nc6 3. g3 g6 4. Bg2 Bg7 5. d3 Nf6 6. Nge2 e5 7. h3 0-0 8. Be3 d6 9. 0-0 b6 10. Qd2 Nd4 11. f4 Nxe2+ 12. Qxe2 Bd7 13. g4 h6 14. f5 Qc8 15. Kh2 gxf5 16. gxf5 Bc6 17. Rg1 Re8 18. Qd2 d5 19. Bxh6 Bxh6 20. Qxh6 Ng4+ 21. hxg4 f6 22. Qg6+ 1-0

[Event "CZE-ch Betsys Online Blitz"]
[Site "Chess.com INT"]
[Date "2021.04.17"]
[Round "12"]
[White "Burgermeister, Michal"]
[Black "Vojtek, Pavel"]
[Result "1-0"]
[WhiteElo "1813"]
[BlackElo "1511"]
[PlyCount "47"]
[EventDate "2021.04.17"]
[EventType "swiss (blitz)"]
[EventRounds "13"]
[EventCountry "CZE"]
[SourceTitle "CBM 201 Extra"]
[Source "ChessBase"]
[SourceDate "2021.05.31"]
[SourceVersion "1"]
[SourceVersionDate "2021.05.31"]
[SourceQuality "1"]

1. e4 e6 2. d4 d5 3. e5 c5 4. Nc3 cxd4 5. Nb5 Qa5+ 6. Bd2 Qb6 7. Nf3 a6 8. Nbxd4 Bc5 9. c3 Nc6 10. Qb3 Nxd4 11. cxd4 Bxd4 12. Nxd4 Qxd4 13. Bc3 Qe4+ 14. Kd2 Qf4+ 15. Ke1 Ne7 16. Bd3 Nc6 17. Bd2 Qxe5+ 18. Kf1 0-0 19. g3 Qd6 20. Kg2 Qc7 21. Rac1 Bd7 22. Bb1 Rab8 23. Qd3 b5 24. Qxh7# 1-0

[Event "CZE-ch Betsys Online Blitz"]
[Site "Chess.com INT"]
[Date "2021.04.17"]
[Round "13"]
[White "Krasa, Marek"]
[Black "Burgermeister, Michal"]
[Result "1-0"]
[WhiteElo "1662"]
[BlackElo "1813"]
[PlyCount "109"]
[EventDate "2021.04.17"]
[EventType "swiss (blitz)"]
[EventRounds "13"]
[EventCountry "CZE"]
[SourceTitle "CBM 201 Extra"]
[Source "ChessBase"]
[SourceDate "2021.05.31"]
[SourceVersion "1"]
[SourceVersionDate "2021.05.31"]
[SourceQuality "1"]

1. c4 Nf6 2. Nf3 d6 3. d4 g6 4. a3 Bg7 5. Nc3 0-0 6. e4 Bg4 7. Be2 Nbd7 8. 0-0 e5 9. h3 Bxf3 10. Bxf3 c6 11. d5 Qc7 12. b3 Rad8 13. dxc6 bxc6 14. Be3 Rfe8 15. Qc2 Nf8 16. Rad1 Ne6 17. b4 Nd7 18. Qa4 Nd4 19. Bg4 Nb6 20. Qa5 Qb7 21. c5 Nc4 22. Qa4 Nb2 23. Qa5 Nb3 24. Qxd8 Rxd8 25. Rb1 Nc4 26. Rxb3 Nxe3 27. fxe3 dxc5 28. Rfb1 c4 29. R3b2 Bh6 30. Kf2 Qb6 31. Re1 Rd3 32. Na4 Qd8 33. Nc5 Rd2+ 34. Rxd2 Qxd2+ 35. Re2 Qd1 36. Re1 Qd2+ 37. Re2 Qc1 38. Re1 Qxa3 39. Bf3 Qxb4 40. Nd7 Qd6 41. Rd1 Qb4 42. Nxe5 Bf8 43. Nxc6 Qb2+ 44. Kg1 a5 45. Nxa5 Qc2 46. Nc6 Bb4 47. Re1 Qd2 48. Rf1 Qb2 49. Kh1 Kg7 50. h4 Bc3 51. h5 Bf6 52. hxg6 hxg6 53. e5 Qb6 54. exf6+ Kxf6 55. Nd4 1-0

[Event "CZE-ch Betsys Online Blitz"]
[Site "Chess.com INT"]
[Date "2021.04.17"]
[Round "1"]
[White "Kratochvil, Karel"]
[Black "Burgermeister, Michal"]
[Result "1-0"]
[WhiteElo "2131"]
[BlackElo "1813"]
[PlyCount "61"]
[EventDate "2021.04.17"]
[EventType "swiss (blitz)"]
[EventRounds "13"]
[EventCountry "CZE"]
[SourceTitle "CBM 201 Extra"]
[Source "ChessBase"]
[SourceDate "2021.05.31"]
[SourceVersion "1"]
[SourceVersionDate "2021.05.31"]
[SourceQuality "1"]

1. d4 Nf6 2. c4 g6 3. Nc3 Bg7 4. e4 d6 5. Nf3 0-0 6. h3 e5 7. dxe5 dxe5 8. Qxd8 Rxd8 9. Nd5 Nxd5 10. cxd5 c6 11. Bc4 cxd5 12. Bxd5 Nc6 13. Bg5 Re8 14. 0-0-0 h6 15. Be3 Be6 16. Bxe6 Rxe6 17. Rd7 Re7 18. Rhd1 Rae8 19. Bc5 Rxd7 20. Rxd7 b6 21. Ba3 Ra8 22. Rc7 Nd4 23. Nxd4 exd4 24. Kd2 Be5 25. Re7 Bf6 26. Rd7 Kg7 27. Kd3 g5 28. b3 Kg6 29. Bb2 a5 30. Rd6 Rb8 31. e5 1-0

[Event "CZE-ch Betsys Online Blitz"]
[Site "Chess.com INT"]
[Date "2021.04.17"]
[Round "4"]
[White "Szotkowski, David"]
[Black "Burgermeister, Michal"]
[Result "0-1"]
[WhiteElo "1802"]
[BlackElo "1813"]
[PlyCount "96"]
[EventDate "2021.04.17"]
[EventType "swiss (blitz)"]
[EventRounds "13"]
[EventCountry "CZE"]
[SourceTitle "CBM 201 Extra"]
[Source "ChessBase"]
[SourceDate "2021.05.31"]
[SourceVersion "1"]
[SourceVersionDate "2021.05.31"]
[SourceQuality "1"]

1. e4 c5 2. c3 d5 3. exd5 Qxd5 4. d4 Nf6 5. Nf3 Bg4 6. Be2 Nc6 7. Be3 e6 8. 0-0 cxd4 9. cxd4 Be7 10. Nc3 Qd8 11. h3 Bh5 12. a3 0-0 13. Qd3 a6 14. Rad1 Bg6 15. Qd2 Rc8 16. Ne5 Nxe5 17. dxe5 Qxd2 18. Rxd2 Ne4 19. Nxe4 Bxe4 20. Rfd1 Rfd8 21. Rxd8+ Rxd8 22. Rxd8+ Bxd8 23. f3 Bc6 24. Kf2 Kf8 25. b4 Bc7 26. Bc5+ Ke8 27. f4 Kd7 28. g4 Bd5 29. Ke3 Kc6 30. Bf8 g6 31. Kd4 Bb6+ 32. Bc5 Bd8 33. a4 Bb3 34. b5+ axb5 35. Bxb5+ Kc7 36. Bd6+ Kc8 37. Bd3 Bd5 38. f5 Bh4 39. fxg6 hxg6 40. Kc5 Bg2 41. a5 Bxh3 42. Be2 Bg2 43. a6 Bf2+ 44. Kb5 bxa6+ 45. Kxa6 Kd7 46. Kb5 Bd5 47. Kb4 Be1+ 48. Kc5 Bg3 0-1

[Event "Kouty nad Desnou op-A"]
[Site "Kouty nad Desnou"]
[Date "2015.03.10"]
[Round "5"]
[White "Sosovicka, Jakub"]
[Black "Burgermeister, Michal"]
[Result "0-1"]
[WhiteElo "1758"]
[BlackElo "1860"]
[PlyCount "68"]
[EventDate "2015.03.07"]
[EventType "swiss"]
[EventRounds "9"]
[EventCountry "CZE"]
[SourceTitle "EXT 2017"]
[Source "ChessBase"]
[SourceDate "2016.10.25"]
[SourceVersion "1"]
[SourceVersionDate "2016.10.25"]
[SourceQuality "1"]

1. e4 g6 2. d4 Bg7 3. Nf3 d6 4. Bc4 Nf6 5. Qe2 0-0 6. 0-0 Nc6 7. h3 e5 8. c3 exd4 9. cxd4 h6 10. Nc3 Re8 11. Re1 a6 12. a3 b5 13. Ba2 Bb7 14. Qd3 Ne7 15. Bd2 d5 16. exd5 Nexd5 17. Ne5 Qd6 18. Qf3 Rf8 19. Nxd5 Bxd5 20. Qd3 Bxa2 21. Bb4 Qd5 22. Bxf8 Rxf8 23. Rec1 Bc4 24. Nxc4 bxc4 25. Qxc4 Qf5 26. f3 Qf4 27. Kh1 Nh5 28. Rd1 Ng3+ 29. Kg1 Nf5 30. Qc1 Bxd4+ 31. Kh1 Qg3 32. Rd3 Be5 33. Kg1 Qh2+ 34. Kf1 Re8 0-1

[Event "Kouty nad Desnou op-A"]
[Site "Kouty nad Desnou"]
[Date "2015.03.07"]
[Round "1"]
[White "Plat, Vojtech"]
[Black "Burgermeister, Michal"]
[Result "1-0"]
[WhiteElo "2443"]
[BlackElo "1860"]
[PlyCount "75"]
[EventDate "2015.03.07"]
[EventType "swiss"]
[EventRounds "9"]
[EventCountry "CZE"]
[SourceTitle "EXT 2017"]
[Source "ChessBase"]
[SourceDate "2016.10.25"]
[SourceVersion "1"]
[SourceVersionDate "2016.10.25"]
[SourceQuality "1"]

1. e4 c5 2. Nf3 d6 3. d4 cxd4 4. Nxd4 Nf6 5. Nc3 g6 6. Be3 Bg7 7. f3 0-0 8. Qd2 Nc6 9. 0-0-0 d5 10. exd5 Nxd5 11. Nxc6 bxc6 12. Nxd5 cxd5 13. Qxd5 Qc7 14. Qc5 Qb7 15. Qa3 Rb8 16. Bd4 e5 17. Bc3 Bf5 18. Bd3 Rfc8 19. Bxf5 gxf5 20. Rhe1 Bf8 21. Rd6 Rxc3 22. bxc3 Qc7 23. Red1 Bxd6 24. Qxd6 Rc8 25. Qxc7 Rxc7 26. Rd5 Re7 27. Kd2 Kg7 28. c4 Kf6 29. c5 Rc7 30. Kd3 Ke6 31. Rd6+ Ke7 32. Kc4 e4 33. Rd4 e3 34. Rd1 f4 35. g3 Ke6 36. Rd6+ Kf5 37. Rd5+ Ke6 38. gxf4 1-0

[Event "Kouty nad Desnou op-B"]
[Site "Kouty nad Desnou"]
[Date "2014.03.11"]
[Round "4"]
[White "Burgermeister, Michal"]
[Black "Vit, Jakub"]
[Result "1/2-1/2"]
[WhiteElo "1864"]
[BlackElo "1592"]
[PlyCount "20"]
[EventDate "2014.03.08"]
[EventType "swiss"]
[EventRounds "9"]
[EventCountry "CZE"]
[SourceTitle "EXT 2015"]
[Source "ChessBase"]
[SourceDate "2014.11.20"]
[SourceVersion "1"]
[SourceVersionDate "2014.11.20"]
[SourceQuality "1"]

1. Nf3 Nf6 2. d4 d5 3. Bg5 e6 4. e3 c6 5. Bd3 Nbd7 6. 0-0 Bd6 7. c4 b6 8. Nc3 0-0 9. Rc1 Bb4 10. cxd5 exd5 1/2-1/2

[Event "Kouty nad Desnou op-B"]
[Site "Kouty nad Desnou"]
[Date "2014.03.10"]
[Round "3"]
[White "Ochmyt, Jakub"]
[Black "Burgermeister, Michal"]
[Result "0-1"]
[WhiteElo "1579"]
[BlackElo "1864"]
[PlyCount "40"]
[EventDate "2014.03.08"]
[EventType "swiss"]
[EventRounds "9"]
[EventCountry "CZE"]
[SourceTitle "EXT 2015"]
[Source "ChessBase"]
[SourceDate "2014.11.20"]
[SourceVersion "1"]
[SourceVersionDate "2014.11.20"]
[SourceQuality "1"]

1. d4 Nf6 2. c4 g6 3. Nf3 Bg7 4. Nc3 0-0 5. e4 d6 6. Bd3 Nbd7 7. 0-0 e5 8. d5 a5 9. h3 Nc5 10. Be3 b6 11. Bxc5 bxc5 12. b3 Nh5 13. Ne2 f5 14. Ng3 Nf4 15. Bc2 Bd7 16. Qb1 Qc8 17. Kh2 fxe4 18. Bxe4 Bxh3 19. Ng5 Bf5 20. Qc2 h6 0-1

[Event "Kouty nad Desnou op-B"]
[Site "Kouty nad Desnou"]
[Date "2014.03.09"]
[Round "2"]
[White "Burgermeister, Michal"]
[Black "Gregor, Jiri3"]
[Result "1/2-1/2"]
[WhiteElo "1864"]
[BlackElo "1591"]
[PlyCount "57"]
[EventDate "2014.03.08"]
[EventType "swiss"]
[EventRounds "9"]
[EventCountry "CZE"]
[SourceTitle "EXT 2015"]
[Source "ChessBase"]
[SourceDate "2014.11.20"]
[SourceVersion "1"]
[SourceVersionDate "2014.11.20"]
[SourceQuality "1"]

1. d4 d5 2. c4 e6 3. Nc3 Nf6 4. Bg5 Be7 5. e3 b6 6. Nf3 Bb7 7. Rc1 Nbd7 8. Bd3 0-0 9. 0-0 h6 10. Bh4 c5 11. cxd5 Nxd5 12. Bxe7 Qxe7 13. Bb1 cxd4 14. exd4 Rac8 15. Qd3 N7f6 16. Rfe1 Nxc3 17. bxc3 Qa3 18. Nd2 Rc7 19. Nc4 Qa6 20. Nd6 Qxd3 21. Bxd3 Bc6 22. Nb5 Bxb5 23. Bxb5 Rfc8 24. c4 Rd8 25. Rcd1 Kf8 26. f3 Ra8 27. Ba6 Rd8 28. Kf2 Rcd7 29. Ke3 1/2-1/2

[Event "Czech Fed-ch opA"]
[Site "Hrdonov"]
[Date "2013.10.31"]
[Round "7"]
[White "Burgermeister, Michal"]
[Black "Kuchar, Tomas"]
[Result "1/2-1/2"]
[WhiteElo "1836"]
[BlackElo "1802"]
[PlyCount "45"]
[EventDate "2013.10.26"]
[EventType "swiss"]
[EventRounds "9"]
[EventCountry "CZE"]
[SourceTitle "EXT 2016"]
[Source "ChessBase"]
[SourceDate "2015.10.08"]
[SourceVersion "1"]
[SourceVersionDate "2015.10.08"]
[SourceQuality "1"]

1. e4 c5 2. Nc3 Nc6 3. g3 g6 4. Bg2 Bg7 5. Nge2 d6 6. h3 e6 7. d3 Nge7 8. 0-0 0-0 9. Bf4 Rb8 10. Be3 Nd4 11. g4 f5 12. Ng3 b5 13. Qd2 b4 14. Nd1 Bd7 15. c3 bxc3 16. bxc3 Nb5 17. a4 Nc7 18. e5 Bc6 19. Bxc6 Nxc6 20. Qb2 Nd5 21. gxf5 gxf5 22. d4 cxd4 23. cxd4 1/2-1/2